[Event "Quebec-ch w"]
[Site "Montreal CAN"]
[Date "1998.06.27"]
[Round "2"]
[White "Mogilevsky, Olga"]
[Black "Charest, Johanne"]
[Result "1-0"]
[WhiteElo "1615"]
[BlackElo "1882"]
[PlyCount "41"]
[GameId "2160767911872844"]
[EventDate "1998.06.26"]
[EventType "swiss"]
[EventRounds "5"]
[EventCountry "CAN"]

1. e4 e5 2. Nf3 Nc6 3. Bb5 Bc5 4. O-O Nd4 5. Nxd4 Bxd4 6. c3 Bb6 7. d4 c6 8. Bc4 d6 9. Be3 Qh4 10. Nd2 Bg4 11. f3 Bd7 12. Bf2 Qf6 13. Bb3 Bc7 14. Nc4 Ne7 15. Be3 g5 16. dxe5 dxe5 17. Qd2 b5 18. Rad1 Nd5 19. exd5 bxc4 20. Bxc4 cxd5 21. Qxd5 1-0

[Event "Quebec-ch w"]
[Site "Montreal CAN"]
[Date "1998.06.27"]
[Round "2"]
[White "Mongeau, Diane"]
[Black "Trudel, Nadine"]
[Result "1-0"]
[WhiteElo "1861"]
[BlackElo "1215"]
[PlyCount "97"]
[GameId "2160767911872845"]
[EventDate "1998.06.26"]
[EventType "swiss"]
[EventRounds "5"]
[EventCountry "CAN"]

1. d4 d5 2. c4 dxc4 3. e3 Nf6 4. Bxc4 e6 5. Nf3 Bd7 6. O-O Bc6 7. Nc3 Be7 8. Re1 Bb4 9. e4 Bxc3 10. bxc3 O-O 11. Bg5 Qd7 12. Ne5 Qd6 13. Nxf7 Rxf7 14. e5 Qd7 15. exf6 Bd5 16. Bxd5 Qxd5 17. Qg4 Qf5 18. Qxf5 exf5 19. Re8+ Rf8 20. Rxf8+ Kxf8 21. fxg7+ Kxg7 22. d5 Na6 23. Re1 Rf8 24. f3 Rf7 25. Kf2 Rd7 26. Re7+ Rxe7 27. Bxe7 Kf7 28. Ba3 Nb8 29. Ke3 Nd7 30. Kd4 Kf6 31. c4 b6 32. d6 cxd6 33. Bxd6 Ke6 34. c5 bxc5+ 35. Bxc5 a6 36. h3 h5 37. Bb4 f4 38. Bd2 Kf5 39. Kd5 Ne5 40. Kc5 h4 41. Bc3 Ng6 42. Kb6 Ne7 43. Kxa6 Nd5 44. Bd2 Ne3 45. a4 Nxg2 46. a5 Ne3 47. Kb5 Nd5 48. a6 Nc7+ 49. Kb6 1-0

[Event "Quebec-ch w"]
[Site "Montreal CAN"]
[Date "1998.06.27"]
[Round "2"]
[White "Paradis, Francine"]
[Black "Luraschi, Julia"]
[Result "0-1"]
[WhiteElo "1498"]
[BlackElo "1256"]
[PlyCount "69"]
[GameId "2160767911872846"]
[EventDate "1998.06.26"]
[EventType "swiss"]
[EventRounds "5"]
[EventCountry "CAN"]

1. d4 d5 2. Nf3 e6 3. Bf4 Nf6 4. Nbd2 b6 5. e3 Bb7 6. Bd3 Nbd7 7. c3 Rc8 8. h3 a6 9. Ne5 c5 10. O-O c4 11. Be2 Nxe5 12. Bxe5 Bd6 13. Nf3 O-O 14. Bxd6 Qxd6 15. Ne5 Ne8 16. f4 f6 17. Ng4 Qe7 18. Rf3 Nd6 19. Nf2 Nf5 20. Nh1 Rce8 21. Qe1 e5 22. fxe5 fxe5 23. e4 dxe4 24. Bxc4+ Kh8 25. Rf2 exd4 26. cxd4 e3 27. Rf4 Qc7 28. Qf1 Bxg2 29. Kxg2 Nh4+ 30. Kg3 Ng6 31. Qe1 Rxf4 32. Kg2 Nh4+ 33. Kg1 Nf3+ 34. Kg2 Nxe1+ 35. Rxe1 0-1

[Event "Quebec-ch w"]
[Site "Montreal CAN"]
[Date "1998.06.27"]
[Round "3"]
[White "Dauphinais, Sophie"]
[Black "Asselin, Josee"]
[Result "1-0"]
[WhiteElo "1135"]
[BlackElo "972"]
[PlyCount "37"]
[GameId "2160767911872848"]
[EventDate "1998.06.26"]
[EventType "swiss"]
[EventRounds "5"]
[EventCountry "CAN"]

1. e4 e6 2. d4 d5 3. Nc3 c5 4. Nf3 Nc6 5. Bf4 Nf6 6. e5 Ne4 7. Be2 Qb6 8. Na4 Qa5+ 9. c3 b5 10. Nxc5 Nxc5 11. dxc5 Bxc5 12. O-O O-O 13. b4 Nxb4 14. cxb4 Bxb4 15. Nd4 Bb7 16. Nxb5 Ba6 17. a4 Bc3 18. Nxc3 Qxc3 19. Bxa6 1-0

[Event "Quebec-ch w"]
[Site "Montreal CAN"]
[Date "1998.06.27"]
[Round "3"]
[White "Fortin, Frederique"]
[Black "Paradis, Francine"]
[Result "1-0"]
[WhiteElo "1383"]
[BlackElo "1498"]
[PlyCount "100"]
[GameId "2160767911872849"]
[EventDate "1998.06.26"]
[EventType "swiss"]
[EventRounds "5"]
[EventCountry "CAN"]

1. e4 c5 2. d4 e6 3. c3 Nf6 4. e5 Nd5 5. Nf3 cxd4 6. cxd4 Bb4+ 7. Bd2 Bxd2+ 8. Nbxd2 O-O 9. Nc4 Nc6 10. Rc1 a6 11. Qd2 b5 12. Nd6 Nde7 13. Bd3 Ng6 14. Be4 Rb8 15. Bxc6 dxc6 16. Rxc6 a5 17. O-O Bd7 18. Rc5 b4 19. Rfc1 f6 20. exf6 Rxf6 21. Ne5 Nxe5 22. dxe5 Rf8 23. Rc7 Bb5 24. Rc8 Qd7 25. Rxf8+ Rxf8 26. Qc2 Ba6 27. Qc7 Qa4 28. Qb6 Bd3 29. Qd4 Bg6 30. a3 Qb3 31. axb4 axb4 32. Rc8 Qa2 33. Rxf8+ Kxf8 34. g3 Qd5 35. Qxd5 exd5 36. f4 Ke7 37. Kf2 h5 38. h3 Ke6 39. Ke3 Bc2 40. Kd4 g6 41. Ne8 Bb3 42. Nc7+ Kf5 43. Nxd5 g5 44. fxg5 Kxg5 45. e6 Bc2 46. e7 Bg6 47. Nc7 h4 48. gxh4+ Kxh4 49. e8=Q Bxe8 50. Nxe8 Kxh3 1-0

[Event "Quebec-ch w"]
[Site "Montreal CAN"]
[Date "1998.06.27"]
[Round "3"]
[White "Luraschi, Julia"]
[Black "Charest, Johanne"]
[Result "0-1"]
[WhiteElo "1256"]
[BlackElo "1882"]
[PlyCount "56"]
[GameId "2160767911872850"]
[EventDate "1998.06.26"]
[EventType "swiss"]
[EventRounds "5"]
[EventCountry "CAN"]

1. e4 e5 2. Nf3 Nc6 3. Nc3 Nf6 4. Bb5 Bc5 5. Nxe5 Nxe5 6. d4 Nfg4 7. h3 Nxf2 8. Kxf2 Bb6 9. Be3 Ng6 10. Rf1 c6 11. Bc4 d6 12. Kg1 O-O 13. Qf3 Be6 14. Bd3 Qe7 15. Ne2 Rae8 16. c3 c5 17. d5 Bxd5 18. Ng3 Ne5 19. Qh5 Nxd3 20. Qxd5 Qh4 21. Kh2 Ne5 22. Rf4 Qe7 23. Nf5 Qe6 24. Qxb7 Ng6 25. Rg4 d5 26. Ng3 Re7 27. Qa6 h5 28. Nxh5 Bc7+ 0-1

[Event "Quebec-ch w"]
[Site "Montreal CAN"]
[Date "1998.06.27"]
[Round "3"]
[White "Mogilevsky, Olga"]
[Black "Khaziyeva, Dinara"]
[Result "0-1"]
[WhiteElo "1615"]
[BlackElo "1560"]
[PlyCount "134"]
[GameId "2160767911872851"]
[EventDate "1998.06.26"]
[EventType "swiss"]
[EventRounds "5"]
[EventCountry "CAN"]

1. e4 d6 2. d4 e5 3. dxe5 dxe5 4. Qxd8+ Kxd8 5. Bc4 f6 6. Nc3 c6 7. Be3 Kc7 8. O-O-O b5 9. Bb3 a5 10. a3 Na6 11. f3 Bd6 12. Kb1 Ne7 13. Rd2 Bc5 14. Bxc5 Nxc5 15. Ba2 b4 16. axb4 axb4 17. Nd1 Ba6 18. Ne3 Rhd8 19. Rxd8 Rxd8 20. Kc1 Nc8 21. Bc4 Bxc4 22. Nxc4 Nd6 23. Nxd6 Rxd6 24. Ne2 b3 25. Rd1 bxc2 26. Kxc2 Rxd1 27. Kxd1 Kb6 28. Kc2 Ne6 29. Kd3 Kb5 30. Kc3 c5 31. Kd2 Kb4 32. Nc3 Kb3 33. Kc1 Nf4 34. g3 Nd3+ 35. Kd2 Nxb2 36. Nd5 c4 37. Nc3 Nd3 38. Nd5 Kb2 39. Nc3 Nc5 40. Nd1+ Kb3 41. Ne3 Na6 42. Nd5 Nc5 43. Ne3 Ne6 44. Nd5 Ng5 45. Ke3 c3 46. Nxc3 Kxc3 47. f4 exf4+ 48. gxf4 Nf7 49. h4 h5 50. e5 fxe5 51. fxe5 Nxe5 52. Kf4 Kd4 53. Kg5 g6 54. Kf4 Kd5 55. Ke3 Ke6 56. Ke4 Kf6 57. Kf4 Nc6 58. Ke4 g5 59. hxg5+ Kxg5 60. Kf3 Nd4+ 61. Kg3 h4+ 62. Kh3 Nf5 63. Kh2 Kg4 64. Kg2 h3+ 65. Kh2 Nd6 66. Kg1 Kg3 67. Kh1 Ne4 0-1

[Event "Quebec-ch w"]
[Site "Montreal CAN"]
[Date "1998.06.27"]
[Round "3"]
[White "Trottier, Julie"]
[Black "Mongeau, Diane"]
[Result "0-1"]
[WhiteElo "1669"]
[BlackElo "1861"]
[PlyCount "44"]
[GameId "2160767911872852"]
[EventDate "1998.06.26"]
[EventType "swiss"]
[EventRounds "5"]
[EventCountry "CAN"]

1. d4 d5 2. Nf3 e6 3. Bf4 c5 4. e3 Nc6 5. c3 Bd6 6. Bxd6 Qxd6 7. Nbd2 Nf6 8. Be2 O-O 9. O-O b6 10. Qc2 Bb7 11. Rad1 Rac8 12. Qb1 Rfd8 13. Rfe1 e5 14. e4 cxd4 15. cxd4 dxe4 16. Nc4 Qe6 17. d5 Rxd5 18. Rxd5 Qxd5 19. Rd1 Nd4 20. Nxd4 exd4 21. Ne3 Qc5 22. Nc4 d3 0-1

[Event "Quebec-ch w"]
[Site "Montreal CAN"]
[Date "1998.06.27"]
[Round "3"]
[White "Trudel, Nadine"]
[Black "Blanchard, Marilou"]
[Result "1-0"]
[WhiteElo "1215"]
[BlackElo "1072"]
[PlyCount "59"]
[GameId "2160767911872853"]
[EventDate "1998.06.26"]
[EventType "swiss"]
[EventRounds "5"]
[EventCountry "CAN"]

1. e4 e5 2. Nf3 Nc6 3. Bc4 Nf6 4. d3 Be7 5. Nc3 a6 6. a3 b5 7. Bd5 Bd6 8. Bg5 O-O 9. O-O Rb8 10. Ne2 Be7 11. Bxc6 dxc6 12. Nxe5 Qd6 13. Bf4 Nh5 14. Qd2 Nxf4 15. Qxf4 Bf6 16. d4 c5 17. c3 cxd4 18. cxd4 c5 19. Nf3 Qxf4 20. Nxf4 cxd4 21. e5 g5 22. exf6 gxf4 23. Nxd4 Re8 24. Rfe1 Bb7 25. Re7 Rxe7 26. fxe7 Re8 27. Re1 Kg7 28. Nf5+ Kf6 29. Nd6 Rxe7 30. Rxe7 1-0

[Event "Quebec-ch w"]
[Site "Montreal CAN"]
[Date "1998.06.28"]
[Round "4"]
[White "Asselin, Josee"]
[Black "Paradis, Francine"]
[Result "0-1"]
[WhiteElo "972"]
[BlackElo "1498"]
[PlyCount "68"]
[GameId "2160767911872855"]
[EventDate "1998.06.26"]
[EventType "swiss"]
[EventRounds "5"]
[EventCountry "CAN"]

1. e4 c5 2. Bc4 e6 3. Nc3 Nc6 4. Nf3 d6 5. d4 cxd4 6. Nxd4 Be7 7. Be3 Nf6 8. Bb5 Bd7 9. O-O O-O 10. Qd3 a6 11. Bc4 Rc8 12. a3 Ne5 13. Qe2 Nxc4 14. b3 Nxa3 15. Na4 Bxa4 16. bxa4 Nc4 17. Rab1 Nxe3 18. fxe3 Rb8 19. Qd3 Nd7 20. Nf3 Nc5 21. Qd4 b5 22. axb5 Rxb5 23. Rxb5 axb5 24. Ne1 Qa8 25. e5 dxe5 26. Qxe5 Qb8 27. Qxb8 Rxb8 28. Nd3 Nxd3 29. cxd3 b4 30. Rb1 b3 31. d4 b2 32. Kf2 Ba3 33. Ke2 Rc8 34. Kd2 Rc1 0-1

[Event "Quebec-ch w"]
[Site "Montreal CAN"]
[Date "1998.06.28"]
[Round "4"]
[White "Charest, Johanne"]
[Black "Khaziyeva, Dinara"]
[Result "1/2-1/2"]
[WhiteElo "1882"]
[BlackElo "1560"]
[PlyCount "34"]
[GameId "2160767911872856"]
[EventDate "1998.06.26"]
[EventType "swiss"]
[EventRounds "5"]
[EventCountry "CAN"]

1. e4 c5 2. Nc3 e6 3. g3 d5 4. d3 Nc6 5. Bg2 Nf6 6. f3 Be7 7. Nh3 b6 8. O-O O-O 9. Nf4 Ba6 10. Nce2 Qd6 11. exd5 exd5 12. c3 d4 13. c4 Rad8 14. Bd2 Ne5 15. Qc2 Rfe8 16. a3 Bf8 17. Nc1 Bc8 1/2-1/2

[Event "Quebec-ch w"]
[Site "Montreal CAN"]
[Date "1998.06.28"]
[Round "4"]
[White "Dauphinais, Sophie"]
[Black "Blanchard, Marilou"]
[Result "1-0"]
[WhiteElo "1135"]
[BlackElo "1072"]
[PlyCount "81"]
[GameId "2160767911872857"]
[EventDate "1998.06.26"]
[EventType "swiss"]
[EventRounds "5"]
[EventCountry "CAN"]

1. e4 e5 2. Nf3 Nc6 3. Bc4 Nf6 4. d3 h6 5. Be3 d6 6. Nbd2 Bd7 7. c3 Ng4 8. Qe2 Be7 9. h3 Nxe3 10. Qxe3 g5 11. d4 exd4 12. Nxd4 Ne5 13. f3 c5 14. Ne2 Nxc4 15. Nxc4 Bf6 16. Nxd6+ Kf8 17. Nxb7 Qb6 18. Qxc5+ Kg7 19. Qxb6 axb6 20. Nd6 Rhd8 21. Ng3 Kg6 22. O-O Be6 23. Ndf5 Bxa2 24. Rfd1 Rxd1+ 25. Rxd1 Bb3 26. Rd6 Be6 27. Rxb6 Bd8 28. Rc6 Ra1+ 29. Kf2 Ra2 30. Nd4 Kf6 31. Nxe6 fxe6 32. c4 Rxb2+ 33. Kg1 Be7 34. Nf5 Bf8 35. Nd4 Ke5 36. Nxe6 Be7 37. Nc7 Bd8 38. c5 Rc2 39. Ne6 Be7 40. Kh2 h5 41. Kg3 1-0

[Event "Quebec-ch w"]
[Site "Montreal CAN"]
[Date "1998.06.28"]
[Round "4"]
[White "Luraschi, Julia"]
[Black "Mogilevsky, Olga"]
[Result "0-1"]
[WhiteElo "1256"]
[BlackElo "1615"]
[PlyCount "54"]
[GameId "2160767911872858"]
[EventDate "1998.06.26"]
[EventType "swiss"]
[EventRounds "5"]
[EventCountry "CAN"]

1. e4 e5 2. Nf3 Nc6 3. Nc3 Nf6 4. Bc4 Nxe4 5. Bxf7+ Kxf7 6. Nxe4 Be7 7. d3 h6 8. h3 Rf8 9. Nh2 d5 10. Ng3 Kg8 11. O-O Qd6 12. c3 Bd7 13. Qb3 Qe6 14. Bd2 b6 15. Rae1 Na5 16. Qc2 c5 17. Nf3 Bd6 18. Re2 Nc6 19. Rfe1 Qg6 20. Nh2 c4 21. Re3 Bc5 22. Rf3 Rxf3 23. Nxf3 Qxg3 24. Be3 Bxe3 25. Rxe3 Qg6 26. Qe2 cxd3 27. Rxd3 e4 0-1

[Event "Quebec-ch w"]
[Site "Montreal CAN"]
[Date "1998.06.28"]
[Round "4"]
[White "Mongeau, Diane"]
[Black "Fortin, Frederique"]
[Result "1-0"]
[WhiteElo "1861"]
[BlackElo "1383"]
[PlyCount "151"]
[GameId "2160767911872859"]
[EventDate "1998.06.26"]
[EventType "swiss"]
[EventRounds "5"]
[EventCountry "CAN"]

1. d4 d5 2. c4 e6 3. Nc3 c5 4. e3 Nf6 5. Nf3 Nc6 6. a3 cxd4 7. exd4 Be7 8. Be2 O-O 9. O-O dxc4 10. Bxc4 a6 11. d5 exd5 12. Nxd5 Nxd5 13. Bxd5 Qc7 14. Qb3 Na5 15. Qa2 Bd7 16. Bg5 Bc6 17. Rac1 Bxg5 18. Nxg5 Qe7 19. Nf3 Rad8 20. Bxc6 Nxc6 21. Rfe1 Qf6 22. b4 Rfe8 23. Qc2 Rxe1+ 24. Rxe1 Nd4 25. Nxd4 Qxd4 26. Qe2 g6 27. Qe7 b5 28. h3 Qd6 29. Qe3 Qd2 30. Qxd2 Rxd2 31. Re3 Kg7 32. Kf1 h5 33. Rc3 Rd6 34. Ke2 f5 35. Ke3 Kh6 36. f4 h4 37. Rc8 Kg7 38. Rc7+ Kh6 39. Rc8 Kg7 40. Rc3 Kg8 41. Rd3 Rc6 42. Kd4 Rd6+ 43. Ke3 Re6+ 44. Kf3 Kg7 45. Re3 Kf6 46. Rc3 Kf7 47. Rc7+ Re7 48. Rc3 Re6 49. g3 hxg3 50. Kxg3 Kf6 51. Kh4 g5+ 52. fxg5+ Kg6 53. Kg3 Kxg5 54. h4+ Kg6 55. Rd3 Rc6 56. Rf3 Rd6 57. Kf4 Rd5 58. Rg3+ Kh5 59. Rh3 Rd4+ 60. Kxf5 Rd5+ 61. Ke4 Rd1 62. Rd3 Re1+ 63. Kd5 Rc1 64. Ke5 Rc6 65. Rd6 Rc3 66. Rxa6 Kxh4 67. Ra5 Kg4 68. Rxb5 Rxa3 69. Kd4 Kf4 70. Rc5 Rb3 71. b5 Rb4+ 72. Kd5 Ke3 73. Kc6 Kd4 74. b6 Rb1 75. Rb5 Rc1+ 76. Kd7 1-0

[Event "Quebec-ch w"]
[Site "Montreal CAN"]
[Date "1998.06.28"]
[Round "5"]
[White "Blanchard, Marilou"]
[Black "Asselin, Josee"]
[Result "0-1"]
[WhiteElo "1072"]
[BlackElo "972"]
[PlyCount "74"]
[GameId "2160767911872861"]
[EventDate "1998.06.26"]
[EventType "swiss"]
[EventRounds "5"]
[EventCountry "CAN"]

1. e4 e5 2. Nf3 Nc6 3. Nc3 d6 4. Bc4 Be7 5. h3 Nf6 6. d4 exd4 7. Nxd4 Ne5 8. Bd3 Be6 9. Nxe6 fxe6 10. Bb5+ c6 11. Be2 O-O 12. f4 Ned7 13. Qd3 Nc5 14. Qf3 d5 15. e5 Nfd7 16. Be3 Nxe5 17. Qf2 Ned7 18. Bd4 Qc7 19. Qg3 g6 20. Bh5 Rxf4 21. O-O-O Bh4 22. Qe3 Bg5 23. Kb1 gxh5 24. Bxc5 Nxc5 25. Qxc5 Qb6 26. Qd6 Rb4 27. b3 c5 28. Qg3 h6 29. h4 Rg4 30. Qf3 Rf8 31. Qe2 Bf6 32. Rd3 Rc4 33. Qd2 Qb4 34. Kb2 Qa5 35. g3 d4 36. bxc4 Qb4+ 37. Kc1 dxc3 0-1

[Event "Quebec-ch w"]
[Site "Montreal CAN"]
[Date "1998.06.28"]
[Round "5"]
[White "Fortin, Frederique"]
[Black "Luraschi, Julia"]
[Result "0-1"]
[WhiteElo "1383"]
[BlackElo "1256"]
[PlyCount "44"]
[GameId "2160767911872862"]
[EventDate "1998.06.26"]
[EventType "swiss"]
[EventRounds "5"]
[EventCountry "CAN"]

1. e4 e5 2. d4 exd4 3. c3 dxc3 4. Nxc3 d6 5. Nf3 g6 6. Bc4 Bg7 7. Ng5 Nh6 8. h4 Nc6 9. Nf3 Bg4 10. Bb5 O-O 11. Bg5 f6 12. Bxh6 Bxh6 13. Qd5+ Kh8 14. Bxc6 bxc6 15. Qxc6 Rb8 16. b3 f5 17. Nd4 fxe4 18. Ndb5 Qf6 19. O-O e3 20. f3 e2 21. Nxe2 Be3+ 22. Rf2 Qxa1+ 0-1

[Event "Quebec-ch w"]
[Site "Montreal CAN"]
[Date "1998.06.28"]
[Round "5"]
[White "Khaziyeva, Dinara"]
[Black "Mongeau, Diane"]
[Result "1/2-1/2"]
[WhiteElo "1560"]
[BlackElo "1861"]
[PlyCount "89"]
[GameId "2160767911872863"]
[EventDate "1998.06.26"]
[EventType "swiss"]
[EventRounds "5"]
[EventCountry "CAN"]

1. e4 g6 2. Nf3 Bg7 3. d4 c5 4. Be3 Nf6 5. Nc3 Qa5 6. Qd2 cxd4 7. Nxd4 Nc6 8. f3 d6 9. a3 a6 10. Nb3 Qd8 11. Bh6 O-O 12. h4 Be6 13. h5 Ne5 14. hxg6 fxg6 15. Nd4 Bf7 16. Nd5 Bxd5 17. exd5 Bxh6 18. Qxh6 Qa5+ 19. c3 Qxd5 20. Qh3 b5 21. O-O-O Qf7 22. Be2 Rfc8 23. f4 Ned7 24. Ne6 Nc5 25. Ng5 Qg7 26. g4 Nce4 27. Ne6 Qf7 28. Ng5 Qg7 29. Ne6 Qh8 30. Rh2 Nc5 31. Ng5 Qg7 32. Bf3 Rab8 33. Rdh1 Nd3+ 34. Kb1 Nxf4 35. Qh4 Rc5 36. Nxh7 Nxh7 37. Qxh7+ Qxh7 38. Rxh7 Rbc8 39. Rxe7 R8c7 40. Re8+ Kf7 41. Ra8 Re7 42. Rh7+ Ke6 43. Rxe7+ Kxe7 44. Rxa6 Nd3 45. Be4 1/2-1/2

[Event "Quebec-ch w"]
[Site "Montreal CAN"]
[Date "1998.06.28"]
[Round "5"]
[White "Mogilevsky, Olga"]
[Black "Trudel, Nadine"]
[Result "1-0"]
[WhiteElo "1615"]
[BlackElo "1215"]
[PlyCount "78"]
[GameId "2160767911872864"]
[EventDate "1998.06.26"]
[EventType "swiss"]
[EventRounds "5"]
[EventCountry "CAN"]

1. e4 e5 2. Nf3 Nc6 3. Bb5 d6 4. d4 Bd7 5. Nc3 Nf6 6. O-O Be7 7. Re1 O-O 8. Bxc6 bxc6 9. dxe5 Ng4 10. exd6 cxd6 11. h3 Ne5 12. Bf4 f6 13. Qe2 Qe8 14. Nd4 Kh8 15. Rad1 Rg8 16. Bh2 Qg6 17. Kh1 c5 18. Ndb5 Bxb5 19. Nxb5 Rgd8 20. f4 Nf7 21. f5 Qh6 22. Nc7 Rab8 23. Ne6 Rd7 24. Nxc5 Rdd8 25. Ne6 Rdc8 26. c3 Rc6 27. Bf4 g5 28. fxg6 Qxg6 29. Nd4 Rcb6 30. Bc1 Bd8 31. Nf5 Bc7 32. Rd3 Ng5 33. Rf1 Qe8 34. Re3 Qe5 35. g4 d5 36. exd5 Qxd5+ 37. Kg1 Re6 38. Rxe6 Nxe6 39. Qf3 Qd6 1-0

[Event "Quebec-ch w"]
[Site "Montreal CAN"]
[Date "1998.06.28"]
[Round "5"]
[White "Paradis, Francine"]
[Black "Dauphinais, Sophie"]
[Result "1-0"]
[WhiteElo "1498"]
[BlackElo "1135"]
[PlyCount "79"]
[GameId "2160767911872865"]
[EventDate "1998.06.26"]
[EventType "swiss"]
[EventRounds "5"]
[EventCountry "CAN"]

1. d4 e6 2. Nf3 Nf6 3. Bg5 Be7 4. Nbd2 d5 5. e3 Bd7 6. Bd3 c5 7. c3 Nc6 8. O-O O-O 9. Bxf6 Bxf6 10. dxc5 Re8 11. Nd4 e5 12. Nb5 e4 13. Be2 Be7 14. b4 a6 15. Nd4 Ne5 16. Rc1 a5 17. a3 b6 18. cxb6 Qxb6 19. Nc2 axb4 20. axb4 Rec8 21. Nd4 Rc7 22. c4 Nxc4 23. Bxc4 dxc4 24. Nxe4 Bxb4 25. Rb1 Qg6 26. Ng3 Bd6 27. Rb6 Ba4 28. Qf3 Rd8 29. Ngf5 Qf6 30. Nxd6 Qxf3 31. Nxf3 c3 32. Nd4 c2 33. Rc1 g6 34. N6b5 Bxb5 35. Rxb5 Ra7 36. Nxc2 Ra2 37. Nd4 Kg7 38. Rcb1 Kf6 39. h3 Ke7 40. Nc6+ 1-0

[Event "RA Active"]
[Site "Ottawa CAN"]
[Date "1998.02.26"]
[Round "1"]
[White "Friis, Torben"]
[Black "Pacey, Kevin"]
[Result "0-1"]
[WhiteElo "1850"]
[BlackElo "2210"]
[PlyCount "46"]
[GameId "2160767911873853"]
[EventDate "1998.02.26"]
[EventType "swiss (rapid)"]
[EventRounds "8"]
[EventCountry "CAN"]

1. e4 e5 2. Nf3 Nc6 3. Bb5 a6 4. Ba4 Nf6 5. O-O Be7 6. Re1 b5 7. Bb3 O-O 8. c3 d5 9. exd5 Nxd5 10. Nxe5 Nxe5 11. Rxe5 c6 12. d4 Bd6 13. Re1 Qh4 14. g3 Qh3 15. Qd3 Bg4 16. Qf1 Qh5 17. Be3 Rae8 18. Nd2 Re6 19. Bxd5 cxd5 20. b4 f5 21. Bf4 Bxf4 22. gxf4 Rg6 23. Qd3 Bf3+ 0-1

[Event "RA Active"]
[Site "Ottawa CAN"]
[Date "1998.02.26"]
[Round "2"]
[White "Pacey, Kevin"]
[Black "Zimmer, Antonin"]
[Result "1-0"]
[WhiteElo "2210"]
[BlackElo "1950"]
[PlyCount "83"]
[GameId "2160767911873854"]
[EventDate "1998.02.26"]
[EventType "swiss (rapid)"]
[EventRounds "8"]
[EventCountry "CAN"]

1. d4 Nf6 2. c4 d6 3. g3 g6 4. Bg2 Bg7 5. Nf3 O-O 6. Nc3 c5 7. O-O Nc6 8. d5 Nb8 9. e4 e6 10. h3 e5 11. Bg5 h6 12. Be3 Nh5 13. Ne1 Nd7 14. Nd3 Nb6 15. b3 a6 16. a4 Qe8 17. Nxc5 dxc5 18. Bxc5 Nd7 19. Bd6 f5 20. Bxf8 Qxf8 21. exf5 Qxf5 22. g4 Qg5 23. Ne4 Qf4 24. gxh5 Nf6 25. Nxf6+ Bxf6 26. Qf3 Qxf3 27. Bxf3 Bxh3 28. Bg2 Bxg2 29. Kxg2 gxh5 30. c5 Kf7 31. b4 Rg8+ 32. Kh3 Rg4 33. f3 Rh4+ 34. Kg3 Rd4 35. Rfd1 Rxb4 36. Rab1 Rxa4 37. Rxb7+ Ke8 38. c6 Rc4 39. d6 Rxc6 40. d7+ Kd8 41. Rb8+ Kc7 42. Rc8+ 1-0

[Event "RA Active"]
[Site "Ottawa CAN"]
[Date "1998.02.26"]
[Round "3"]
[White "Djerkovic, Miladin"]
[Black "Pacey, Kevin"]
[Result "1/2-1/2"]
[WhiteElo "2276"]
[BlackElo "2210"]
[PlyCount "82"]
[GameId "2160767911873855"]
[EventDate "1998.02.26"]
[EventType "swiss (rapid)"]
[EventRounds "8"]
[EventCountry "CAN"]

1. e4 e5 2. Nf3 Nf6 3. d4 exd4 4. e5 Ne4 5. Qxd4 d5 6. exd6 Nxd6 7. Nc3 Nc6 8. Qf4 Nf5 9. Bd3 Bd6 10. Qe4+ Qe7 11. Qxe7+ Nfxe7 12. Nb5 Nb4 13. Nxd6+ cxd6 14. Bf4 Nxd3+ 15. cxd3 Bf5 16. Kd2 Kd7 17. Nd4 Bg6 18. h4 h6 19. h5 Bh7 20. Nb5 Nd5 21. Bg3 f5 22. f4 Rhe8 23. Rhe1 a6 24. Nd4 Nf6 25. Rh1 Rac8 26. Bf2 Rc5 27. Nb3 Rd5 28. Bd4 Re6 29. Rh3 Bg8 30. Bxf6 Rxf6 31. Rg3 Rf7 32. a4 Re7 33. Re1 Be6 34. d4 a5 35. Kd3 b5 36. Ra1 bxa4 37. Rxa4 Rb5 38. Nxa5 Rxb2 39. Kc3 Rb1 40. Rb4 Rxb4 41. Kxb4 Bd5 1/2-1/2

[Event "RA Active"]
[Site "Ottawa CAN"]
[Date "1998.03.05"]
[Round "4"]
[White "Saleh, Maher"]
[Black "Pacey, Kevin"]
[Result "1/2-1/2"]
[WhiteElo "2279"]
[BlackElo "2210"]
[PlyCount "104"]
[GameId "2160767911873856"]
[EventDate "1998.02.26"]
[EventType "swiss (rapid)"]
[EventRounds "8"]
[EventCountry "CAN"]

1. Nf3 d5 2. g3 Nf6 3. Bg2 Bf5 4. O-O c6 5. d3 e6 6. c4 Nbd7 7. Be3 Bc5 8. Bxc5 Nxc5 9. b4 Ncd7 10. b5 O-O 11. Nc3 e5 12. cxd5 cxd5 13. d4 e4 14. Ne5 Qe7 15. Nxd7 Qxd7 16. Qb3 Bh3 17. Nxd5 Bxg2 18. Nxf6+ gxf6 19. Kxg2 Qxd4 20. Rad1 Qb6 21. Rd7 Rac8 22. Rfd1 Rc5 23. Qe3 Rxb5 24. Qxe4 Re5 25. Qf3 Qa6 26. R1d2 b5 27. R7d6 Qc8 28. Rxf6 Kg7 29. Rc6 Qf5 30. Qxf5 Rxf5 31. Ra6 Ra8 32. Rd7 Rc5 33. Raxa7 Rxa7 34. Rxa7 Rc2 35. Kf3 b4 36. Rb7 Rxa2 37. Rxb4 Ra3+ 38. e3 Ra2 39. Rf4 Ra3 40. g4 Ra2 41. h4 Ra1 42. g5 Rg1 43. Rf6 Rh1 44. Rh6 Ra1 45. Kf4 Ra2 46. f3 Rf2 47. Kg3 Rf1 48. e4 Re1 49. Rf6 Rh1 50. Kg2 Rxh4 51. Kg3 Rh1 52. f4 Re1 1/2-1/2

[Event "RA Active"]
[Site "Ottawa CAN"]
[Date "1998.03.05"]
[Round "5"]
[White "Pacey, Kevin"]
[Black "Simic, Dusan"]
[Result "1-0"]
[WhiteElo "2210"]
[BlackElo "2222"]
[PlyCount "90"]
[GameId "2160767911873857"]
[EventDate "1998.02.26"]
[EventType "swiss (rapid)"]
[EventRounds "8"]
[EventCountry "CAN"]

1. d4 Nf6 2. e3 g6 3. Nf3 Bg7 4. c4 O-O 5. Nc3 d5 6. Be2 dxc4 7. Bxc4 c5 8. O-O cxd4 9. exd4 Bg4 10. d5 Nbd7 11. h3 Bxf3 12. Qxf3 Ne5 13. Qe2 Nxc4 14. Qxc4 Qd7 15. Bg5 Rac8 16. Qb3 Rc5 17. Be3 Ra5 18. Rad1 Rd8 19. Rd2 Ne8 20. Rfd1 Nd6 21. Bg5 h6 22. Bf4 Nf5 23. Qb4 Ra6 24. Qe4 g5 25. Bh2 Nh4 26. Bg3 Nf5 27. Be5 f6 28. Bh2 Nh4 29. d6 e6 30. Re2 e5 31. Qd5+ Kh8 32. Ne4 Rc6 33. Nc5 Qxd6 34. Qxd6 Rdxd6 35. Rxd6 Rxd6 36. Re1 b6 37. Nb3 Nf5 38. g4 Nh4 39. Rc1 Rd7 40. Kf1 Bf8 41. Bg3 Nf3 42. Ke2 Nd4+ 43. Nxd4 exd4 44. Kd3 Bc5 45. Rc4 a5 1-0

[Event "RA Active"]
[Site "Ottawa CAN"]
[Date "1998.03.05"]
[Round "6"]
[White "Pacey, Kevin"]
[Black "Devenport, Martin"]
[Result "1/2-1/2"]
[WhiteElo "2210"]
[BlackElo "2280"]
[PlyCount "82"]
[GameId "2160767911873858"]
[EventDate "1998.02.26"]
[EventType "swiss (rapid)"]
[EventRounds "8"]
[EventCountry "CAN"]

1. e4 e5 2. Nf3 Nc6 3. Bc4 Bc5 4. Nc3 d6 5. Na4 Bb6 6. c3 Nf6 7. d3 Bg4 8. h3 Be6 9. Bxe6 fxe6 10. O-O Qe7 11. Re1 h6 12. d4 O-O-O 13. Nxb6+ axb6 14. d5 Nb8 15. Nh4 Qf7 16. dxe6 Qxe6 17. Qb3 Qxb3 18. axb3 Rhf8 19. Nf5 Rf7 20. f3 Nc6 21. b4 Kd7 22. Be3 Ne7 23. Nxe7 Rxe7 24. Ra7 Kc6 25. Rea1 Ree8 26. b5+ Kxb5 27. Rxb7 Kc6 28. Rba7 d5 29. exd5+ Nxd5 30. Kf2 Nxe3 31. Kxe3 Rd6 32. b3 Re7 33. Ke4 Rd2 34. R1a2 Red7 35. Kxe5 Re7+ 36. Kf5 Ree2 37. Rxd2 Rxd2 38. g4 Rd3 39. Kg6 Rxf3 40. Kxg7 Rxh3 41. Kg6 Rxc3 1/2-1/2